00656nam a2200145 a 450000100080000000500110000800800410001910000160006024501450007626002210022165000150044270000160045770000200047370000170049320429822016-04-08 2015 bl uuuu u00u1 u #d1 aDIEL, M. I. aEfeito nematicida e nematostático in vitro de rizobactérias sobre juvenis de segundo estádio de Meloidogyne hapla.h[electronic resource] aIn: ENCONTRO DE INICIAÇÃO CIENTÍFICA E PÓS-GRADUAÇÃO DA EMBRAPA CLIMA TEMPERADO, 5., 2014, Pelotas. Qual o papel da ciência na agricultura familiar?: anais. Pelotas: Embrapa Clima Temperado, 2015. 120 p.c2015 aNematóide1 aFISS, A. V.1 aLIMA-MEDINA, I.1 aGOMES, C. B.